| 000 | 00420nam a2200181Ia 4500 | ||
|---|---|---|---|
| 008 | 170918s9999 xx 000 0 und d | ||
| 020 | _a9780545907033 | ||
| 050 | _bS543 2015 | ||
| 100 | _aSheinmel, Alyssa | ||
| 245 | _aFaceless / | ||
| 245 | _cby Alyssa Sheinmel. | ||
| 260 | _aNew York : | ||
| 260 | _bScholastic, | ||
| 260 | _c2015 | ||
| 300 | _a341 pages : | ||
| 300 | _billustrations ; | ||
| 300 | _c20cm. | ||
| 999 |
_c344360 _d344360 |
||